[Event "Charlotte Spring IMC 2024"]
[Site "Charlotte"]
[Date "2024.03.30"]
[Round "7"]
[White "Fierro Baquero, Martha Lorena"]
[Black "Kunka, Harshid"]
[Result "1-0"]
[WhiteElo "2283"]
[BlackElo "2294"]
[PlyCount "105"]
[EventDate "2024.03.27"]
[EventType "tourn"]
[EventRounds "9"]
[EventCountry "USA"]
[SourceTitle "CB14_2024"]
[SourceDate "2024.04.01"]
[SourceVersion "1"]
[SourceVersionDate "2024.04.01"]
[SourceQuality "1"]

1. c4 e6 2. g3 d5 3. Bg2 Nf6 4. Nf3 Be7 5. 0-0 0-0 6. b3 b6 7. Bb2 Bb7 8. e3 dxc4 9. bxc4 c5 10. Nc3 Nc6 11. Qe2 a6 12. Rfd1 Qc7 13. Rac1 Na5 14. d3 Rfd8 15. e4 Nd7 16. e5 Bxf3 17. Bxf3 Rac8 18. Re1 Nb8 19. Be4 Nac6 20. Nd5 exd5 21. cxd5 Nb4 22. d6 Qd7 23. dxe7 Qxe7 24. Qg4 Nd7 25. e6 Nf6 26. Qh4 fxe6 27. Bxh7+ Kf7 28. Bf5 Rc6 29. Qg5 Rh8 30. Re2 Nbd5 31. Rce1 Nc7 32. Be5 Nfe8 33. Qg6+ Kf8 34. Be4 Rd6 35. Bxd6 Nxd6 36. Qg4 Rh6 37. Re3 Kg8 38. h4 Rf6 39. Bg6 Nf7 40. Rf3 Nh6 41. Qg5 Qf8 42. Rxf6 gxf6 43. Qf4 e5 44. Qe4 Qd6 45. Qb7 Kg7 46. h5 Ng8 47. a4 Ne7 48. Rb1 b5 49. axb5 axb5 50. Ra1 Kh6 51. Ra7 Ned5 52. Be4 Kxh5 53. Bxd5 1-0

[Event "Charlotte Spring IMC 2024"]
[Site "Charlotte"]
[Date "2024.03.27"]
[Round "1"]
[White "Melillo, Lucius"]
[Black "Fierro Baquero, Martha Lorena"]
[Result "1-0"]
[WhiteElo "2274"]
[BlackElo "2283"]
[PlyCount "159"]
[EventDate "2024.03.27"]
[EventType "tourn"]
[EventRounds "9"]
[EventCountry "USA"]
[SourceTitle "CB14_2024"]
[SourceDate "2024.04.01"]
[SourceVersion "1"]
[SourceVersionDate "2024.04.01"]
[SourceQuality "1"]

1. d4 g6 2. e4 Bg7 3. Nc3 c6 4. Bc4 d5 5. exd5 b5 6. Be2 b4 7. Na4 cxd5 8. a3 bxa3 9. Rxa3 Nf6 10. Nf3 0-0 11. 0-0 Bg4 12. Re1 e6 13. Bf4 Nc6 14. c3 Ne4 15. Nd2 Bxe2 16. Qxe2 Nxd2 17. Qxd2 Re8 18. Nc5 e5 19. dxe5 Nxe5 20. Bxe5 Bxe5 21. Nd3 Bd6 22. Ra4 Qd7 23. Rd4 Qf5 24. g3 Re6 25. Nf4 Bxf4 26. Rxf4 Rxe1+ 27. Qxe1 Qe6 28. Qd2 Rc8 29. Rd4 Rc5 30. b4 Rb5 31. Kg2 Qc6 32. Kg1 a5 33. Rh4 axb4 34. cxb4 h5 35. Qg5 Qc2 36. Kg2 Qc6 37. Kg1 Qc2 38. Qe7 Qc1+ 39. Kg2 Qc6 40. Rd4 Qe6 41. Qc7 Qb6 42. Qc8+ Kg7 43. Qc3 Qf6 44. h4 Rb6 45. Qd3 Rb7 46. Qd2 Qe5 47. Kf1 Ra7 48. b5 Ra2 49. Qxa2 Qxd4 50. Qb3 Qe4 51. b6 d4 52. f3 Qb7 53. Ke2 Kh7 54. Qb4 Qa6+ 55. Kd2 Qa2+ 56. Kd3 Qf2 57. Qxd4 Qxf3+ 58. Qe3 Qd1+ 59. Kc3 Qd6 60. Kc4 Qc6+ 61. Qc5 Qa4+ 62. Kc3 Qa1+ 63. Kb4 Qe1+ 64. Kb5 Qe2+ 65. Kc6 Qf3+ 66. Qd5 Qf6+ 67. Kc7 Qe7+ 68. Qd7 Qe5+ 69. Kb7 Qe4+ 70. Ka7 Qc4 71. b7 Qc5+ 72. Ka6 Qa3+ 73. Kb6 Qb4+ 74. Kc7 Qc5+ 75. Qc6 Qe7+ 76. Kc8 Qf8+ 77. Kd7 Qb4 78. Qc7 Qg4+ 79. Ke8 Qe6+ 80. Kf8 1-0

[Event "Swiss Queens Wed #2"]
[Site "FIDE Online Arena INT"]
[Date "2024.02.07"]
[Round "1"]
[White "Singgih, Diajeng Theresa"]
[Black "Fierro Baquero, Martha Lorena"]
[Result "1-0"]
[WhiteElo "1815"]
[BlackElo "2283"]
[PlyCount "73"]
[EventDate "2024.02.07"]
[EventType "swiss (blitz)"]
[EventRounds "11"]
[EventCountry "NET"]
[SourceTitle "CB07_2024"]
[SourceDate "2024.02.14"]
[SourceVersion "1"]
[SourceVersionDate "2024.02.14"]
[SourceQuality "1"]

1. e4 g6 2. d4 Bg7 3. Nf3 c6 4. c4 d6 5. Nc3 Bg4 6. Be3 Nd7 7. h3 Bxf3 8. Qxf3 Ngf6 9. Bd3 0-0 10. 0-0 e5 11. d5 cxd5 12. cxd5 Qa5 13. Nb5 Ne8 14. Rfc1 a6 15. b4 Qd8 16. Nc3 Rc8 17. a4 Qe7 18. b5 axb5 19. axb5 Nc5 20. Bxc5 Rxc5 21. Na4 Rxc1+ 22. Rxc1 Qg5 23. Rc8 f5 24. exf5 gxf5 25. Bxf5 Rxf5 26. Rxe8+ Bf8 27. Qg4 Qxg4 28. hxg4 Rf4 29. Nb6 Rxg4 30. Nd7 Rf4 31. Rb8 Rf7 32. Rxb7 Kg7 33. b6 e4 34. Rc7 Be7 35. b7 Bd8 36. b8Q Bxc7 37. Qxc7 1-0

[Event "Swiss Queens Wed #1"]
[Site "FIDE Online Arena INT"]
[Date "2024.01.31"]
[Round "7"]
[White "Balabayeva, Kseniya"]
[Black "Fierro Baquero, Martha Lorena"]
[Result "0-1"]
[WhiteElo "2282"]
[BlackElo "2283"]
[PlyCount "66"]
[EventDate "2024.01.31"]
[EventType "swiss (blitz)"]
[EventRounds "11"]
[EventCountry "NET"]
[SourceTitle "CB06_2024"]
[SourceDate "2024.02.07"]
[SourceVersion "1"]
[SourceVersionDate "2024.02.07"]
[SourceQuality "1"]

1. e4 g6 2. d4 Bg7 3. Nc3 c6 4. g3 d5 5. e5 Nh6 6. Bg2 0-0 7. Nge2 f6 8. exf6 exf6 9. 0-0 Nd7 10. Be3 Nf5 11. Qd2 Nxe3 12. Qxe3 Re8 13. Qd2 f5 14. Rfe1 Nf6 15. Nf4 Ne4 16. Nxe4 dxe4 17. Rad1 Bh6 18. f3 exf3 19. Bxf3 Bd7 20. d5 Qf6 21. dxc6 Bxc6 22. Bxc6 bxc6 23. c3 Rad8 24. Rxe8+ Rxe8 25. Kf2 Qe5 26. Re1 Qc5+ 27. Kf3 Rxe1 28. Qxe1 Bxf4 29. Kxf4 Qc4+ 30. Kg5 Qf7 31. Qe5 a6 32. b3 Qf8 33. c4 Qd8+ 0-1

[Event "Swiss Queens Wed #1"]
[Site "FIDE Online Arena INT"]
[Date "2024.01.31"]
[Round "3"]
[White "Nikitina, Elena"]
[Black "Fierro Baquero, Martha Lorena"]
[Result "0-1"]
[WhiteElo "1996"]
[BlackElo "2283"]
[PlyCount "44"]
[EventDate "2024.01.31"]
[EventType "swiss (blitz)"]
[EventRounds "11"]
[EventCountry "NET"]
[SourceTitle "CB06_2024"]
[SourceDate "2024.02.07"]
[SourceVersion "1"]
[SourceVersionDate "2024.02.07"]
[SourceQuality "1"]

1. d4 g6 2. Nf3 Bg7 3. e3 Nf6 4. Be2 0-0 5. 0-0 d6 6. b3 Nc6 7. Bb2 e5 8. c4 Bg4 9. Nc3 Re8 10. h3 Bxf3 11. Bxf3 exd4 12. exd4 Qd7 13. Qd2 Re7 14. Rad1 Rae8 15. a3 a6 16. b4 h5 17. c5 d5 18. g3 Qxh3 19. Bg2 Qd7 20. Ne2 Ne4 21. Nf4 Nxd2 22. Rxd2 Bh6 0-1

[Event "Charlotte CCCSA Fall IM-C"]
[Site "Charlotte"]
[Date "2023.11.17"]
[Round "1"]
[White "Fierro Baquero, Martha Lorena"]
[Black "Martin Del Campo C, Roberto Abel"]
[Result "0-1"]
[WhiteElo "2306"]
[BlackElo "2212"]
[PlyCount "112"]
[EventDate "2023.11.17"]
[EventType "tourn"]
[EventRounds "9"]
[EventCountry "USA"]
[SourceTitle "CB48_2023"]
[SourceDate "2023.11.29"]
[SourceVersion "1"]
[SourceVersionDate "2023.11.29"]
[SourceQuality "1"]

1. g3 g6 2. Bg2 Bg7 3. c4 Nf6 4. Nc3 0-0 5. d3 d6 6. Rb1 a5 7. a3 e5 8. b4 axb4 9. axb4 Nc6 10. b5 Nd4 11. e3 Nf5 12. Nge2 Rb8 13. 0-0 b6 14. Bb2 Bb7 15. Nd5 Nxd5 16. cxd5 Ne7 17. Qb3 f5 18. f4 Rf7 19. e4 Bc8 20. Kh1 Bd7 21. fxe5 dxe5 22. d4 exd4 23. Nxd4 Qe8 24. Ne6 Bxb2 25. Rxb2 fxe4 26. Rxf7 Qxf7 27. Ng5 Qxd5 28. Nxe4 Qxb3 29. Rxb3 Rf8 30. Kg1 Kg7 31. Rc3 c5 32. bxc6 Bxc6 33. Ng5 Rf6 34. Re3 Nf5 35. Re5 Bxg2 36. Kxg2 Rc6 37. Re2 h6 38. Ne6+ Kf6 39. Nf4 Rd6 40. Rb2 g5 41. Ne2 Rc6 42. Rb5 Nd6 43. Rb4 b5 44. Kf3 Ke5 45. Ke3 Rc4 46. Rb1 Ra4 47. Nc3 Ra3 48. Kd2 Ne4+ 49. Nxe4 Kxe4 50. Rxb5 Ra2+ 51. Ke1 Rxh2 52. Rb3 Kf5 53. Kf1 Kg4 54. Kg1 Ra2 55. Rc3 Kh3 56. Rb3 Rg2+ 0-1

[Event "Sunnyvale Independence Day op"]
[Site "Sunnyvale"]
[Date "2023.06.30"]
[Round "1"]
[White "Fierro Baquero, Martha Lorena"]
[Black "Karthi, Jashith"]
[Result "0-1"]
[WhiteElo "2347"]
[BlackElo "1979"]
[PlyCount "116"]
[EventDate "2023.06.30"]
[EventType "swiss"]
[EventRounds "9"]
[EventCountry "USA"]
[SourceTitle "EXT 2024"]
[Source "ChessBase"]
[SourceDate "2023.10.10"]
[SourceVersion "1"]
[SourceVersionDate "2023.10.10"]
[SourceQuality "1"]

1. e4 e5 2. Nf3 Nc6 3. Bb5 a6 4. Ba4 Nf6 5. d3 b5 6. Bb3 Be7 7. 0-0 d6 8. c3 0-0 9. Re1 Na5 10. Bc2 c5 11. Bg5 Nd5 12. exd5 Bxg5 13. b4 cxb4 14. cxb4 Nb7 15. d4 exd4 16. Nxg5 Qxg5 17. Qxd4 a5 18. f4 Qh4 19. Nd2 axb4 20. Nf3 Qd8 21. Ng5 g6 22. Re3 Nc5 23. Rae1 Ra7 24. Bb1 Rc7 25. h4 h6 26. Nf3 Bg4 27. f5 Bxf3 28. Rxf3 Re7 29. Ref1 Qb6 30. Kh1 Nd7 31. Qf4 f6 32. fxg6 Kg7 33. Bf5 Ne5 34. Rg3 Rc7 35. Rc1 Rc4 36. Rxc4 bxc4 37. Bc2 Qc5 38. Qd2 c3 39. Qe3 Qxe3 40. Rxe3 Ra8 41. Bb3 Rxa2 42. Bxa2 c2 43. Re1 Nd3 44. Ra1 c1Q+ 45. Rxc1 Nxc1 46. Bb1 Nb3 47. Kg1 Nd2 48. Bd3 b3 49. Kf2 b2 50. Ke3 b1Q 51. Bxb1 Nxb1 52. h5 Nc3 53. Kd4 Ne2+ 54. Kc4 Nf4 55. g4 Nxg6 56. hxg6 Kxg6 57. Kb5 f5 58. Kc6 fxg4 0-1

[Event "Titled Tuesday intern op 23rd May Early"]
[Site "Chess.com INT"]
[Date "2023.05.23"]
[Round "2"]
[White "Fierro Baquero, Martha Lorena"]
[Black "Timofeev, Artyom"]
[Result "0-1"]
[WhiteElo "2347"]
[BlackElo "2567"]
[PlyCount "82"]
[EventDate "2023.05.23"]
[EventType "swiss (blitz)"]
[EventRounds "11"]
[EventCountry "USA"]
[SourceTitle "CBM 214 Extra"]
[Source "ChessBase"]
[SourceDate "2023.07.31"]
[SourceVersion "1"]
[SourceVersionDate "2023.07.31"]
[SourceQuality "1"]

1. g3 d5 2. Bg2 e5 3. c4 d4 4. d3 Nf6 5. Nf3 Nc6 6. 0-0 a5 7. e3 Be7 8. exd4 exd4 9. Re1 0-0 10. Ne5 Nxe5 11. Rxe5 c6 12. Bg5 h6 13. Bxf6 Bxf6 14. Re1 a4 15. Nd2 a3 16. b4 Bf5 17. Ne4 Be7 18. Rb1 Re8 19. b5 Qc7 20. bxc6 bxc6 21. Qf3 Bd7 22. Rb3 Rab8 23. Reb1 Rxb3 24. Rxb3 Rb8 25. Qd1 Bb4 26. Qb1 c5 27. Nd2 Ba4 28. Nf3 Bxb3 29. Qxb3 Qe7 30. h4 g6 31. h5 g5 32. Bh3 Qe2 33. Kg2 Ra8 34. Bf5 Qb2 35. Qd1 Qxa2 36. Ne5 Re8 37. Ng4 Qe2 38. Qa4 Kg7 39. Qc6 Re6 40. Bxe6 Qxe6 41. Qf3 a2 0-1

[Event "American Continental (Women)"]
[Site "Cuenca"]
[Date "2022.12.09"]
[Round "7"]
[White "Gomez Barrera, Javiera Belen"]
[Black "Fierro Baquero, Martha Lorena"]
[Result "1-0"]
[WhiteElo "2140"]
[BlackElo "2359"]
[PlyCount "41"]
[EventDate "2022.12.05"]
[EventType "swiss"]
[EventRounds "9"]
[EventCountry "ECU"]
[SourceTitle "CBM 211 Extra"]
[Source "ChessBase"]
[SourceDate "2023.01.31"]
[SourceVersion "1"]
[SourceVersionDate "2023.01.31"]
[SourceQuality "1"]

1. e4 g6 2. d4 Bg7 3. Nc3 c6 4. Be3 d5 5. e5 f6 6. f4 Nh6 7. h3 0-0 8. Nf3 e6 9. Qd2 c5 10. exf6 Bxf6 11. dxc5 Nc6 12. Bf2 Bg7 13. g3 d4 14. Ne4 Qd5 15. Bd3 e5 16. Qe2 Kh8 17. Bc4 Qd8 18. Nxe5 Nxe5 19. fxe5 Bf5 20. a3 Bxe4 21. Qxe4 1-0

[Event "Speed Chess (Women) Q1"]
[Site "Chess.com INT"]
[Date "2022.05.25"]
[Round "5"]
[White "Balabayeva, Kseniya"]
[Black "Fierro Baquero, Martha Lorena"]
[Result "1-0"]
[WhiteElo "2177"]
[BlackElo "2359"]
[PlyCount "107"]
[EventDate "2022.05.24"]
[EventType "swiss (blitz)"]
[EventRounds "14"]
[EventCountry "USA"]
[SourceTitle "CBM 208 Extra"]
[Source "ChessBase"]
[SourceDate "2022.07.31"]
[SourceVersion "1"]
[SourceVersionDate "2022.07.31"]
[SourceQuality "1"]

1. e4 g6 2. d4 Bg7 3. Nc3 c6 4. Be3 d5 5. e5 f6 6. Nf3 Bg4 7. exf6 exf6 8. Be2 Ne7 9. 0-0 0-0 10. Qd2 Nf5 11. Rae1 Nxe3 12. Qxe3 Nd7 13. Bd3 Re8 14. Qf4 Bxf3 15. Qxf3 Qb6 16. Ne2 Re7 17. Nf4 Rae8 18. Ne2 f5 19. Qf4 Nf6 20. b3 Ne4 21. Rd1 Bxd4 22. Nxd4 Qxd4 23. Bxe4 Qxe4 24. Qd2 Qe2 25. Qc3 Qe5 26. Qc5 a6 27. c4 dxc4 28. Qxc4+ Qe6 29. Qc2 Kg7 30. h3 Qf6 31. Rd2 Re1 32. Rxe1 Rxe1+ 33. Kh2 Qe5+ 34. g3 Qe8 35. Qd3 Re7 36. Qd4+ Kg8 37. Qc4+ Qf7 38. Rd8+ Kg7 39. Qd4+ Kh6 40. Qd2+ f4 41. Rd4 g5 42. gxf4 Qf6 43. fxg5+ Qxg5 44. Rh4+ Kg6 45. Rg4 Re5 46. Rxg5+ Rxg5 47. Qd6+ Kh5 48. Qd7 Kh6 49. Qxb7 Rf5 50. Qxc6+ Kg5 51. Qc2 h5 52. a4 h4 53. Qd2+ Kg6 54. b4 1-0

[Event "Speed Chess (Women) Q1"]
[Site "Chess.com INT"]
[Date "2022.05.25"]
[Round "13"]
[White "Bollengier, Andreea"]
[Black "Fierro Baquero, Martha Lorena"]
[Result "1-0"]
[WhiteElo "2169"]
[BlackElo "2359"]
[PlyCount "77"]
[EventDate "2022.05.24"]
[EventType "swiss (blitz)"]
[EventRounds "14"]
[EventCountry "USA"]
[SourceTitle "CBM 208 Extra"]
[Source "ChessBase"]
[SourceDate "2022.07.31"]
[SourceVersion "1"]
[SourceVersionDate "2022.07.31"]
[SourceQuality "1"]

1. c4 g6 2. Nc3 Bg7 3. g3 c5 4. Bg2 Nc6 5. Nf3 d6 6. 0-0 Nf6 7. d4 cxd4 8. Nxd4 Bd7 9. Nxc6 bxc6 10. c5 d5 11. e4 e6 12. Bg5 h6 13. Bf4 0-0 14. Qd2 Kh7 15. Bd6 Re8 16. e5 Ng4 17. Rae1 h5 18. h3 Nh6 19. f4 Nf5 20. Qd3 Nxd6 21. cxd6 Rb8 22. Na4 Qa5 23. b3 c5 24. Nc3 Rec8 25. g4 hxg4 26. hxg4 Qb4 27. f5 c4 28. fxg6+ fxg6 29. Qh3+ Kg8 30. Nxd5 Qc5+ 31. Ne3 Bxe5 32. bxc4 Rf8 33. Qh6 Rxf1+ 34. Bxf1 Be8 35. Bd3 Rb2 36. Bxg6 Bh2+ 37. Kf1 Qc6 38. Qh7+ Kf8 39. Qh8# 1-0

[Event "Speed Chess (Women) Q1"]
[Site "Chess.com INT"]
[Date "2022.05.25"]
[Round "6"]
[White "Fierro Baquero, Martha Lorena"]
[Black "Kiseljova, Marya"]
[Result "1-0"]
[WhiteElo "2359"]
[BlackElo "2031"]
[PlyCount "127"]
[EventDate "2022.05.24"]
[EventType "swiss (blitz)"]
[EventRounds "14"]
[EventCountry "USA"]
[SourceTitle "CBM 208 Extra"]
[Source "ChessBase"]
[SourceDate "2022.07.31"]
[SourceVersion "1"]
[SourceVersionDate "2022.07.31"]
[SourceQuality "1"]

1. e4 c5 2. Nc3 Nc6 3. Bb5 Nd4 4. Bd3 d6 5. Nf3 Bg4 6. Nxd4 Bxd1 7. Bb5+ Qd7 8. Bxd7+ Kxd7 9. Nxd1 cxd4 10. c3 dxc3 11. dxc3 Nf6 12. f3 g6 13. Bg5 Bg7 14. Ne3 h6 15. Bh4 g5 16. Bf2 Rhd8 17. Nf5 Bf8 18. 0-0-0 Ke8 19. Rd2 e6 20. Ne3 Nd7 21. Rhd1 b5 22. Bg3 Ne5 23. Bxe5 dxe5 24. Rxd8+ Rxd8 25. Rxd8+ Kxd8 26. Ng4 Bg7 27. Kc2 h5 28. Nf2 Kd7 29. Kd3 Kc6 30. c4 bxc4+ 31. Kxc4 Bf8 32. b4 f5 33. Nd3 Bd6 34. a4 Bc7 35. h3 g4 36. Nc5 Kd6 37. a5 gxf3 38. gxf3 fxe4 39. fxe4 h4 40. Kb5 Bd8 41. Ka6 Kc6 42. Nxe6 Be7 43. Nc5 Bxc5 44. bxc5 Kxc5 45. Kxa7 Kb5 46. Kb7 Kxa5 47. Kc6 Kb4 48. Kd5 Kc3 49. Kxe5 Kd3 50. Kf5 Ke3 51. e5 Kf3 52. e6 Kg3 53. e7 Kxh3 54. e8Q Kg2 55. Qe2+ Kh1 56. Qf3+ Kh2 57. Qf4+ Kh3 58. Kg5 Kg2 59. Qxh4 Kg1 60. Qh3 Kf2 61. Kf4 Kg1 62. Qb3 Kh1 63. Kg3 Kg1 64. Qb1# 1-0

[Event "Speed Chess (Women) Q1"]
[Site "Chess.com INT"]
[Date "2022.05.25"]
[Round "9"]
[White "Gu, Xiaobing"]
[Black "Fierro Baquero, Martha Lorena"]
[Result "1-0"]
[WhiteElo "2219"]
[BlackElo "2359"]
[PlyCount "53"]
[EventDate "2022.05.24"]
[EventType "swiss (blitz)"]
[EventRounds "14"]
[EventCountry "USA"]
[SourceTitle "CBM 208 Extra"]
[Source "ChessBase"]
[SourceDate "2022.07.31"]
[SourceVersion "1"]
[SourceVersionDate "2022.07.31"]
[SourceQuality "1"]

1. e4 g6 2. d4 Bg7 3. Nc3 c6 4. Be3 d5 5. e5 f6 6. exf6 exf6 7. Nf3 Ne7 8. Qd2 Nf5 9. Bf4 0-0 10. 0-0-0 b5 11. h4 Qa5 12. Kb1 b4 13. Ne2 Ba6 14. h5 Nd7 15. hxg6 hxg6 16. Nc1 Bxf1 17. Rdxf1 Nb6 18. b3 Qb5 19. g4 Ne7 20. Bh6 Rf7 21. Bxg7 Rxg7 22. Qh6 a5 23. g5 Nf5 24. Qh2 Kf7 25. gxf6 Kxf6 26. Qe5+ Kf7 27. Ng5+ 1-0

[Event "Speed Chess (Women) Q1"]
[Site "Chess.com INT"]
[Date "2022.05.25"]
[Round "12"]
[White "Liu, Manli"]
[Black "Fierro Baquero, Martha Lorena"]
[Result "0-1"]
[WhiteElo "2195"]
[BlackElo "2359"]
[PlyCount "36"]
[EventDate "2022.05.24"]
[EventType "swiss (blitz)"]
[EventRounds "14"]
[EventCountry "USA"]
[SourceTitle "CBM 208 Extra"]
[Source "ChessBase"]
[SourceDate "2022.07.31"]
[SourceVersion "1"]
[SourceVersionDate "2022.07.31"]
[SourceQuality "1"]

1. e4 g6 2. d4 Bg7 3. Nc3 c6 4. Be3 d5 5. Nf3 dxe4 6. Nxe4 Nf6 7. Nxf6+ Bxf6 8. Qd2 0-0 9. 0-0-0 a5 10. Ne5 Be6 11. Kb1 a4 12. a3 b5 13. h4 Qd5 14. c4 bxc4 15. Bxc4 Qd6 16. Bf4 Bxc4 17. Nxc4 Qd5 18. Qe2 Qf5+ 0-1

[Event "Speed Chess (Women) Q1"]
[Site "Chess.com INT"]
[Date "2022.05.25"]
[Round "3"]
[White "Secopito, Catherine"]
[Black "Fierro Baquero, Martha Lorena"]
[Result "0-1"]
[WhiteElo "2075"]
[BlackElo "2359"]
[PlyCount "60"]
[EventDate "2022.05.24"]
[EventType "swiss (blitz)"]
[EventRounds "14"]
[EventCountry "USA"]
[SourceTitle "CBM 208 Extra"]
[Source "ChessBase"]
[SourceDate "2022.07.31"]
[SourceVersion "1"]
[SourceVersionDate "2022.07.31"]
[SourceQuality "1"]

1. d4 g6 2. c4 Bg7 3. Nc3 c5 4. Nf3 cxd4 5. Nxd4 Nc6 6. e3 Nf6 7. Be2 0-0 8. h4 h5 9. Nf3 d6 10. Nd5 Be6 11. Ng5 Bf5 12. 0-0 Ne5 13. f3 Rc8 14. e4 Bd7 15. Qb3 Bc6 16. Be3 b6 17. Rac1 e6 18. Nb4 Bb7 19. Rfd1 Qe7 20. a4 Rc7 21. Nc2 Rfc8 22. Nd4 Ba6 23. Nb5 Bxb5 24. cxb5 Rxc1 25. Rxc1 Rxc1+ 26. Bxc1 Ned7 27. Qc4 d5 28. Qc8+ Bf8 29. Bf4 Qc5+ 30. Kh1 Qxc8 0-1

[Event "Online Olym Div2 E"]
[Site "Chess.com INT"]
[Date "2020.08.15"]
[Round "5.3"]
[White "Corrales Jimenez, Zenia"]
[Black "Fierro Baquero, Martha Lorena"]
[Result "0-1"]
[WhiteElo "2194"]
[BlackElo "2359"]
[PlyCount "90"]
[EventDate "2020.08.14"]
[EventType "team-tourn (rapid)"]
[EventRounds "9"]
[EventCountry "USA"]
[SourceTitle "CBM 198"]
[Source "ChessBase"]
[SourceDate "2020.10.31"]
[SourceVersion "1"]
[SourceVersionDate "2020.10.31"]
[SourceQuality "1"]
[WhiteTeam "Mexico"]
[BlackTeam "Ecuador"]
[WhiteTeamCountry "MEX"]
[BlackTeamCountry "ECU"]

1. e4 g6 2. d4 Bg7 3. Nf3 c6 4. h3 d6 5. Bc4 Nf6 6. Qe2 0-0 7. e5 dxe5 8. dxe5 Nd5 9. 0-0 b5 10. Bb3 a5 11. Rd1 Be6 12. a4 b4 13. Nd4 Qc7 14. Bxd5 Bxd5 15. f4 e6 16. Be3 Nd7 17. Nd2 c5 18. Nb5 Qc6 19. c4 bxc3 20. bxc3 c4 21. Nf3 Nc5 22. Bxc5 Qxc5+ 23. Nfd4 Rad8 24. Kh1 Rd7 25. Rab1 f6 26. exf6 Rxf6 27. Rf1 Rdf7 28. Rbe1 Qb6 29. Qg4 Qb8 30. Nxe6 h5 31. Qe2 Rxe6 32. Qxe6 Bxe6 33. Rxe6 Rxf4 34. Rfe1 Kh7 35. Re8 Qb6 36. R8e6 Qf2 37. R6e2 Qh4 38. Kh2 Rf2 39. Re4 Qg5 40. Rg1 Be5+ 41. Kh1 Qg3 42. Rxe5 Qxe5 43. Nd4 Qf6 44. Kh2 Qf4+ 45. Kh1 Rf1 0-1